Unlocking the water potential of agriculture (Record no. 20874)

000 -LEADER
fixed length control field 00892cam a2200169Ia 4500
020 ## - INTERNATIONAL STANDARD BOOK NUMBER
ISBN 9251049114
040 ## - CATALOGING SOURCE
Transcribing agency FQG UNL 2003 C101 Or.
245 00 - TITLE STATEMENT
Title Unlocking the water potential of agriculture
300 ## - PHYSICAL DESCRIPTION
Number of Pages viii, 62 pages :
Other physical details color illustrations ;
Dimensions 30 cm
500 ## - GENERAL NOTE
General note "On the occasion of the third World Water Forum (WWF-3), being held in Kyoto, Japan, from 16 to 23 March 2003, the Food and Agriculture Organization of the United Nations (FAO) presented an overview of the priority issues facing the agricultural decision-makers of the world in the field of agricultural water development and their implications for the management of water resources in a wider context"--Foreword
650 #0 - SUBJECT ADDED ENTRY--TOPICAL TERM
Topical Term Water quality management
650 #0 - SUBJECT ADDED ENTRY--TOPICAL TERM
Topical Term Water-supply
650 #0 - SUBJECT ADDED ENTRY--TOPICAL TERM
Topical Term Irrigation
650 #0 - SUBJECT ADDED ENTRY--TOPICAL TERM
Topical Term Sanitation
710 2# - ADDED ENTRY--CORPORATE NAME
Corporate name or jurisdiction name as entry element Food and Agriculture Organization of the United Nations.
942 ## - ADDED ENTRY ELEMENTS (KOHA)
Koha item type ADB
952 ## - LOCATION AND ITEM INFORMATION (KOHA)
Withdrawn status [LOCAL, KOHA] 0
Holdings
Permanent Location Date acquired Koha item type Lost status Shelving location Barcode Current Location Full call number
Library Block C2022-12-30ADB C101a069903Library Block CFQG UNL 2003 C101 Or.
មជ្ឈមណ្ឌលឯការនៃសាកលវិទ្យាល័យភូមិន្ទកសិកម្មចំការដូង

Powered by Koha